[Event "WCPL:Abergavenny-Cardigan"]
[Site "?"]
[Date "2018.01.21"]
[Round "3.17"]
[White "Van Kemenade, Rudy"]
[Black "Llewellyn, David"]
[Result "1-0"]
[WhiteElo "1969"]
[BlackElo "1828"]
[Annotator "Rudy"]
[PlyCount "67"]
[EventDate "2018.01.22"]
[SourceDate "2017.10.24"]

1. e4 c5 2. Nf3 d6 3. Bb5+ Nd7 4. O-O Ngf6 5. Re1 a6 6. Bf1 (6. Bd3 b5 7. c4 g5
{Carlsen-Topalov, Sinquefield cup, St Loius,2015,0-1}) 6... Ne5 (6... b6 7. d4
cxd4 8. Nxd4 Bb7 9. f3 e6 10. c4 {main}) 7. h3 (7. Nxe5 dxe5 8. a4 b6 9. Na3
Bb7 10. d3 {has been played}) 7... b6 $146 (7... Nxf3+ 8. Qxf3 e5 9. c3 {main})
(7... e6 8. c3 Be7 9. d4 Nxf3+ 10. Qxf3 O-O {Sacks-W Browne, Memorial Day Long
Beach 1004,0-1}) (7... g6 8. c3 Bg7 9. d4 Nxf3+ 10. Qxf3 O-O 11. Be3 cxd4 12.
cxd4 Qb6 13. Re2 Qc6 14. Nc3 b5 {hearthstones9-vdaay, chesscube 2013,1-0} 15.
Rc1) 8. c3 Bb7 9. d4 Nxf3+ 10. Qxf3 g6 (10... d5 11. e5 Ne4 12. e6 $1 {
Komodo11, looked at briefly in pm analysis} f6 (12... fxe6 13. Qh5+ g6 14. Qe5
Nf6 15. Qxe6 $16) 13. Nd2 g6 14. Nxe4 dxe4 15. Qd1 Qd6 16. dxc5 Qxe6 17. cxb6
Qxb6 18. Qb3 Qxb3 19. axb3 $16) 11. d5 (11. Bg5 Bg7 12. Nd2 h6 $11) 11... Bg7
12. c4 b5 {Bl turns the Sicilian into a Benko Gambit, with, slightly unisually,
a pair of Ns exchanged. Perhaps helping Wh contain the Q side pressure?} 13.
cxb5 O-O 14. Nc3 Nd7 (14... Ne8 {pm analysis looks inferior}) 15. Qg3 (15. a4 {
alternative} axb5 16. Bxb5 Ne5 17. Qe2 c4 18. Bxc4 Nxc4 19. Qxc4 Ba6 20. Qb3
Rb8 21. Qc2 Qa5 22. Bd2 $16 {Komodo11}) 15... axb5 16. Bxb5 (16. Nxb5 Nb6 17.
Nc3 Na4 18. Bd2 Qa5 19. e5 Bxe5 20. Rxe5 dxe5 21. Qxe5 Qd8 22. Nxa4 Rxa4 23. b3
Rh4 24. Bc3 f6 25. Qe6+ Kg7 26. Rd1 Qd6 $11 {Komodo11, very unclear play})
16... Ba6 17. Bxd7 {based on the idea that Bl's QB has fewer possibilities
than the N, and aiming for an e5 break at some point} (17. Bc6 {considered} Rb8
18. a4 Rb3 19. Bb5 Bxb5 20. axb5 c4 21. Re2 Nc5 $11 {Komodo11}) (17. Bxa6 Rxa6
18. Re2 c4 19. Be3 Ne5 {is a more standard Benko position, where Bl seems to
have enough play for the pawn}) 17... Qxd7 18. Bf4 Rfb8 19. b3 (19. e5 {
briefly looked at in pm analysis, preferred by Komodo11} Rxb2 20. exd6 (20.
Rac1) 20... exd6 21. Bxd6 Rc2 22. Be5 f6 23. Bf4 g5 24. Bb8 Rxc3 25. Qxc3 Rxb8
26. Rad1 Rd8 27. d6 $16 {but few human players would allow 2 Bs vs a R} f5 28.
Qxc5 Bf6 29. Re7 $1 {Komodo11} Qb5 (29... Bxe7 30. Qd5+ Kg7 31. dxe7 $18) 30.
Rc7 (30. Qc7 Bxe7 31. Qxe7 Qd7 32. Qxg5+ Kh8 33. Qf6+ Kg8 34. a4 $16 {Komodo11,
despite Wh being a piece down}) 30... Qxc5 31. Rxc5 Kf7 (31... f4 32. a4 $16)
32. Rxf5 Rd7 33. g4 Bc4 34. a3 h6 $14) 19... c4 20. bxc4 Bxc4 (20... Rc8 $11 {
Komodo11}) 21. Rab1 (21. e5 Ra3 22. Re3 Rc8 23. Rae1 $14) 21... Rc8 (21... Rxb1
22. Rxb1 h6 23. Bd2 Ra3 24. Qe3 Qc7 25. Rc1 $11 {Komodo11}) 22. e5 Bxa2 (22...
Ra3 {considered by Bl} 23. Re3 dxe5 24. Bxe5 Bh6 25. Rf3 f6 26. Bf4 Bxa2 27.
Nxa2 Bxf4 28. Qxf4 Rxa2 29. d6 $11 {Komodo11}) 23. Nxa2 Rxa2 (23... dxe5 24.
Bxe5 Bxe5 25. Qxe5 Rxa2 26. Qxe7 (26. Rb8 Rac2 $11) 26... Qxe7 27. Rxe7 Rd2 28.
d6 (28. Rbb7 Rc1+ 29. Kh2 Rxf2 $11) 28... Rxd6 29. Rb2 $11) 24. exd6 (24. e6 {
considered} fxe6 25. Rxe6 Rf8 26. Qe3 Bf6 27. Bh6 Re8 28. Bg5 Be5 29. f4 Qa4
30. Kh2 Qc4 31. Qf3 Rf8 32. Rxe7 Bxf4+ 33. Bxf4 Qxf4+ 34. Qxf4 Rxf4 35. Rb8+
Rf8 36. Rbb7 Rff2 37. Rb8+ Rf8 38. Rxf8+ Kxf8 39. Rxh7 Rd2 $11 {Komodo11})
24... exd6 25. Bxd6 (25. Red1 Rd8 26. Rb6 Qa4 27. Qf3 Bd4 28. Rxd6 Re8 29. Rf1
Qb4 30. Rc6 Re1 31. Rxe1 Qxe1+ 32. Kh2 Rxf2 $15 33. Bg3 Rxf3 34. Bxe1 Be5+ 35.
Kg1 Rd3 36. Kf2 Rxd5 $15 {Komodo11}) 25... Bd4 26. Rf1 Rd8 (26... Ra5 $11 {
Komodo11}) 27. Bc7 $16 Re8 (27... Rc8 {looked a better bet in the pm analysis-
Wh had originally intended} 28. Qb3 {but noticed} (28. d6 {leaves the B on the
wrong side of the pawn, but Komodo11 judges it winning for Wh} Re8 29. Qg4 $1 {
missed in pm analysis} Qxg4 30. hxg4 Bf6 31. d7 Rf8 32. Rfe1 $18 (32. Rfd1 $18)
) 28... Rxf2 $1 29. Rxf2 Qxc7 30. Rd1 Bxf2+ 31. Kxf2 Qd6 $11) 28. Rbd1 (28. d6
Ree2 29. Bb6 Be5 30. Qf3 Qxd6 $11 {Komodo11}) 28... Ba7 {deserting his own K
in pursuit of Wh's instead} (28... Qxd5 $1 {Komodo11- neither player thought
Bl could survive the pin} 29. Bb6 (29. Qd3 $2 Rxf2 $19 30. Rxf2 Re1+ 31. Kh2
Rxd1 32. Qxd1 Be5+ 33. Bxe5 Qxd1 34. Bf6 {though perhaps the Wh fotress is
difficult to break}) 29... Ra4 30. Qd3 Qd6 $1 31. Bxd4 Rd8 {and the counterpin
holds the game- Komodo11}) (28... Bf6 $5 {Rudy}) 29. Be5 (29. Qc3 Qa4 30. Rd2
Rxd2 31. Qxd2 Re4 32. Rc1 h5 33. Kh2 $16 {Komodo11}) 29... Qf5 (29... Qa4 30.
Rde1 Bd4 31. Kh2 $14 {Komodo11}) 30. Bd4 (30. Bc3 $18 {Komodo11} Bc5 31. d6 Rd8
32. Ba1 Ra3 33. Qh4 Rd7 34. Rde1 Rxa1 35. Rxa1 Rxd6 36. Rad1 $16 {it will be a
long endgame with all the pawns on one side- but Wh shhould be able to swap Qs
by threatening mating lines, then the Wh K & r invade via the wh squares the B
cannot protect,}) 30... Bb8 (30... Bxd4 31. Rxd4 Qf6 32. Rd3) 31. d6 (31. Rfe1
Rd8 32. Qh4 g5 33. Qh6 Qg6 34. Qxg6+ hxg6 35. Bf6 Rf8 36. d6 Ba7 37. d7 $18 {
Komodo11; the passed pawn is a continued danger for Bl}) 31... Ra6 (31... Qd7
32. Ba1 Rxa1 33. Rxa1 Bxd6 34. Qf3 $18 {in the long run- positions like this
in pm analysis}) 32. Bb2 $18 Rd8 (32... Qc5 33. d7 Rd8 34. Qh4 g5 35. Qg4 Re6
36. Rfe1 Rxd7 37. Rxe6 Rxd1+ 38. Qxd1 fxe6 39. Qd8+ Qf8 40. Qxg5+ Kf7 41. Qf6+
Ke8 42. Qxe6+ $18 {Komodo11}) (32... Qc2 {blocking Qc3 was what Wh was hoping
for} 33. d7 $1 Rd8 34. Qxb8 Rxb8 (34... Qxb2 {only way to hold up mate.}) 35.
d8=Q+ Rxd8 36. Rxd8#) 33. Qc3 f6 34. Qc4+ {picking up the loose R} 1-0